| 000 | 00575pam a2200217 i 4500 | ||
|---|---|---|---|
| 001 | 4109134 | ||
| 005 | 20180223070838.0 | ||
| 008 | 751217s1976 njua b 001 0 eng | ||
| 010 | _a 75044493 | ||
| 020 | _a0130074195 | ||
| 040 |
_aDLC _cDLC _dDLC |
||
| 041 | _aeng | ||
| 080 | _a658.4 | ||
| 082 | 0 | 0 | _a658.4 ROB |
| 100 | 1 | _a54 | |
| 101 | _aLID | ||
| 245 | 1 | 4 |
_aThe administrative process : _cStephen P. Robbins. |
| 504 | _aBibliography: p. 478-484. | ||
| 906 |
_a7 _bcbc _corignew _d1 _eocip _f19 _gy-gencatlg |
||
| 942 |
_2ddc _cBK |
||
| 999 |
_c43238 _d43238 |
||